O ensino de história e geografia no contexto do Mercosul
Guardat en:
| Autor principal: | |
|---|---|
| Format: | Llibre |
| Idioma: | portuguès |
| Publicat: |
Brasilia
Ministério da Educaçao e do Desporto
1997
|
| Matèries: | |
| Etiquetes: |
Afegir etiqueta
Sense etiquetes, Sigues el primer a etiquetar aquest registre!
|
MARC
| LEADER | 00000nam a2200000 a 4500 | ||
|---|---|---|---|
| 001 | UCQ5921 | ||
| 003 | CL-VaPUC | ||
| 008 | 981009e19970000BL |||||||||||||||||por|d | ||
| 082 | 0 | 4 | |a 372.89 |b ALM |2 21 |
| 100 | 0 | |a Almeida Marfán, Marilda |e author |9 419906 | |
| 245 | 1 | 2 | |a O ensino de história e geografia no contexto do Mercosul |
| 300 | |a 120 p | ||
| 942 | |c BK | ||
| 945 | |d 19981009 00:00:00 |a mvenant | ||
| 260 | |a Brasilia |b Ministério da Educaçao e do Desporto |c 1997 | ||
| 600 | 0 | 7 | |a MERCOSUR |2 CL-VaPUC |9 330918 |
| 650 | 0 | |a Enseñanza de la geografía |9 310005 | |
| 650 | 0 | |a Enseñanza de la historia |9 307330 | |
| 651 | 0 | |a Brasil |9 267393 | |
| 651 | 7 | |a CHILE |2 CL-VaPUC |9 419907 | |
| 651 | 0 | |a Argentina |9 254888 | |
| 651 | 0 | |a Uruguay |9 255194 | |
| 651 | 0 | |a Paraguay |9 255336 | |
| 583 | |a last modification |c 19981009 00:00:00 |k Rodrigo Vera | ||
| 999 | |c 275996 |d 275994 | ||
| 952 | |0 0 |1 0 |4 0 |6 372_890000000000000_ALM_1997 |7 0 |8 P |9 313080 |a BIBEDU |b BIBEDU |c BIBEDU_PB |d 2019-11-20 |i 3469220 |o 372.89 ALM 1997 |p 3469220 |r 2024-01-25 |w 2019-11-20 |y BK |k BME | ||